000 00944nam a22002057a 4500
999 _c36278
_d36278
003 OSt
005 20251217225435.0
008 150407b slv spa
040 _cBMC
082 _a070.49
100 1 _949888
_aHerrera Leiva, Alejandra María
245 1 0 _aProyecto radial "Mujeres de la Iglesia", Tabernáculo Santa Ana, Santa Ana
_b: Proyecto, informe final
_cAlejandra María Herrera Leiva
260 _aSanta Ana (El Salvador)
_bUniversidad Católica de El Salvador
_c2025
300 _a1 folleto (48 h.)
_bil. col.
_c28 cm
_e+ 1 disco compacto
500 _aPrecede al tít.: Universidad Católica de El Salvador, Facultad de Ciencias y Humanidades
502 _aTrabajo de graduación para optar al grado académico de Licenciatura en Periodismo y Comunicación Audiovisual
650 2 4 _9882
_aPeriodismo
710 2 _91075
_aUniversidad Católica de El Salvador
_bFacultad de Ciencias y Humanidades
942 _2ddc
_cTG